Normal view
MARC view
- Water quality
Entry Topical Term
001 - CONTROL NUMBER
- control field: 6132
003 - CONTROL NUMBER IDENTIFIER
- control field: NUST
005 - DATE AND TIME OF LATEST TRANSACTION
- control field: 20171108103957.0
008 - FIXED-LENGTH DATA ELEMENTS
- fixed length control field: 171108|| aca||aabn | a|a d
040 ## - CATALOGING SOURCE
- Original cataloging agency: NUST
- Transcribing agency: NUST
150 ## - HEADING--TOPICAL TERM
- Topical term or geographic name entry element: Water quality
- General subdivision: Measurement.
670 ## - SOURCE DATA FOUND
- Source citation: Work cat.: (NUST)0: Water quality monitoring :, 1996.
